Об издании сборника, посвященного описанию народов и стран СССР

Доступно только в Электронных читальных залах Найти на картеНа карте
RUSMARC
00003950nmc2a22002653x 450
00104479109-7bab-4257-94ba-5b284fed0f6c
00520230719113841.0
100##$a20230613l19291930k y0rusy50 ca
1010#$arus
$amul
102##$aRU
105##$aa z |||||
1222#$ad19290625
$ad19300410
2001#$aОб издании сборника, посвященного описанию народов и стран СССР
$j25.06.1929 - 10.04.1930
215##$a54 листа
$cтабл.
$d38,3 х 26,1
251##$cДело
300##$aЧасть текста на языках народов СССР
300##$aВ деле обратная нумерация листов
300##$aЧасть текста машинописная и рукописная, часть - напечатана типографским способом
324##$aВ деле имеются копии отдельных документов
461#0$1001796d4672-8a00-4986-b488-6e42273792cc
$12001
$aЦЕНТРАЛЬНЫЙ ИСПОЛНИТЕЛЬНЫЙ КОМИТЕТ СССР (ЦИК СССР).
$1251
$cФонд
$1852
$gР
$j3316
462#0$10016e6e8ba4-e15f-4ad4-8937-f1e88c150bfe
$12001
$aДела Секретариата Президиума ЦИК Союза ССР. 1929 г.
$vД. 878
$1251
$cОпись
$1852
$j22
60101$3RU\NLR\AUTH\880357276
$aСССР
$bЦИК
801#0$aRU
$bGA_RF
801#1$aRU
$bГлавНИВЦ
$c20230613
$2rusmarc
801#2$aRU
$bПБ им. Б.Н. Ельцина
$c20230719
$gRCR
$2rusmarc
852##$aГА РФ
$j878
937##$d186653820
$hГАРФ
035##$aRuPRLIB51072589
856##$uhttp://readingroom.main.prlib.ru/item.aspx?id_node=n186653820&mode=full
Формат отображения